CITES orchid checklist
| Other Authors: | |
|---|---|
| Format: | Book |
| Published: |
Kew :
Royal Botanic Gardens ,
2001
|
| Subjects: |
MARC
| LEADER | 00000cam a2200000 7i4500 | ||
|---|---|---|---|
| 001 | 0000002426 | ||
| 005 | 20030611.0 | ||
| 020 | 0 | 0 | |a 1842460331 (vol. 3) |
| 090 | 0 | 0 | |a R584.4 |b CIT 2001 |
| 245 | 0 | 0 | |a CITES orchid checklist |c compiled by Jacqueline A. Roberts... (et al.) |
| 260 | 0 | 0 | |a Kew : |b Royal Botanic Gardens , |c 2001 |
| 300 | |a v. ; |c 25 cm. | ||
| 650 | 0 | 0 | |a Orchids |
| 700 | 0 | 1 | |a Roberts |h Jacqueline A. |
| 998 | |a JPSM | ||
| 999 | |a 0000004423 |b Monograph |c Reference |e Default branch | ||